| 000 | 00329nam a22001337a 4500 | ||
|---|---|---|---|
| 020 | _a0821336606 | ||
| 082 |
_a363.739205951 _bCHI _cD |
||
| 245 |
_aCHINA _bCHINA |
||
| 260 |
_aWASHINGTON DC _bTHE WORLD BANK _c1996 |
||
| 300 |
_a66P.: _c24CM |
||
| 526 |
_a0 _b0 _c0 _d363_739205951000000_CHI |
||
| 650 |
_aMCE _9379 |
||
| 942 |
_2ddc _cBK |
||
| 999 |
_c542848 _d542848 |
||